000 01700nam0a22002771 4500
001 rc\3425908
005 20260407114816.0
021 _aRU
_b[73-89324]
035 _a(NLR Aleph) 007584123
090 _a5539657
_c5539657
100 _a20130115d1973 |||y0rusy50 ca
101 0 _arus
102 _aRU
105 _aa z |||||
200 1 _aРекомендации по расчету пространственных конструкций крупнопанельных зданий на ЭВМ методом конечного элемента
_fГос. ком. по гражд. стр-ву и архитектуре при Госстрое СССР. Зон. науч.-исслед. и проектный ин-т типового и эксперим. проектирования жилых и обществ. зданий "КиевЗНИИЭП"
210 _aКиев
_c[Науч.-исслед. ин-т строит. производства]
_d1973
215 _a72 с., 1 л. схем.
_cчерт.
_d20
320 _aСписок лит.: с. 70-71 (19 назв.)
606 _aПространственные конструкции
_xРасчет на вычислительных машинах
_2psbo
606 _aКонечных элементов метод
_2psbo
712 0 2 _aЗональный научно-исследовательский и проектный институт типового и экспериментального проектирования жилых и общественных зданий
_cКиев
_3RU\NLR\AUTH\889947374
_9390390
801 0 _aRU
_bNLR
_gpsbo
801 1 _aRU
_bELAR
_2rusmarc
852 _aNLR
_j73-4/39077
942 _cBOOK
980 _aNB